|
|
|
|
| LEADER |
00000nam0a2200000 4500 |
| 001 |
170422 |
| 005 |
20231101222905.0 |
| 035 |
|
|
|a (RuTPU)RU\TPU\book\184823
|
| 090 |
|
|
|a 170422
|
| 100 |
|
|
|a 20091123d1970 m y0rusy50 ca
|
| 101 |
0 |
|
|a rus
|
| 102 |
|
|
|a RU
|
| 105 |
|
|
|a a z 001zy
|
| 200 |
1 |
|
|a Высокотемпературная химия кислородных соединений церия
|f А. И. Леонов
|g Академия наук СССР (АН СССР), Институт химии силикатов им. И. В. Гребенщикова (ИХС)
|
| 210 |
|
|
|a Ленинград
|c Наука
|d 1970
|
| 215 |
|
|
|a 201 с.
|c ил.
|
| 320 |
|
|
|a Библиогр.: с. 188-199.
|
| 606 |
1 |
|
|a Церий, оксиды
|x Химия
|2 stltpush
|3 (RuTPU)RU\TPU\subj\75175
|9 87046
|
| 610 |
1 |
|
|a химия
|
| 610 |
1 |
|
|a окислы
|
| 610 |
1 |
|
|a периодическая система
|
| 610 |
1 |
|
|a термодинамика
|
| 610 |
1 |
|
|a химические свойства
|
| 610 |
1 |
|
|a диссоциация
|
| 610 |
1 |
|
|a кислород
|
| 675 |
|
|
|a 546.655
|v 3
|
| 700 |
|
1 |
|a Леонов
|b А. И.
|g Александр Ильич
|
| 712 |
0 |
2 |
|a Академия наук СССР (АН СССР)
|b Институт химии силикатов им. И. В. Гребенщикова (ИХС)
|c (Ленинград)
|2 stltpush
|3 (RuTPU)RU\TPU\col\11534
|
| 801 |
|
1 |
|a RU
|b 63413507
|c 20091123
|
| 801 |
|
2 |
|a RU
|b 63413507
|c 20160311
|g RCR
|
| 942 |
|
|
|c BK
|